01141 2200349 4500001002100000005001500021035002000036007000300056008004100059020001800100040002200118082001200140084001400152090002100166100002900187245014500216250004100361300002900402500005700431650001100488700003400499850001200533041001300545264003000558336002100588337003000609338002300639999002100662546006600683990002100749990002100770INLIS00000000086408120210825024424 a0010-0821000780ta210825s2000 yoi g ind d a979-533-757-2 aYOPDYOGbinderda04223a650 a650 KOP p aCB-D.11 2000-6281 aKops, George J.epenulis10aPenuntun 10 menit presentasi bisnis :bmenguasai keahlian yang anda perlukan dalam 10 menit /cGeorge J. Kops; penerjemah, Niken Hindreswari aEdisi pertama; Cetakan pertama, 2000 axi, 218 halaman ;c21 cm aJudul asli : Ten minute guide business presentations 4aBisnis0 aNiken Hindreswariepenerjemah aYOPDYOG1 aindgeng31aYogyakarta :bAndi,c2000 2rdacontentateks 2rdamediaatanpa perantara 2rdacarrieravolume aCB-D.11/2000-628 aTeks dalam bahasa Indonesia diterjemahkan dari bahasa inggris aCB-D.11/2002-628 aCB-D.11/2000-628